| 000 | 00666nam a2200229 i 4500 | ||
|---|---|---|---|
| 001 | 62694 | ||
| 003 | ES-MaACL | ||
| 005 | 20230906164720.0 | ||
| 007 | t| | ||
| 008 | 031125s1982 sp ||||1| spa d | ||
| 020 | _a84-85741-12-9 | ||
| 100 | 1 |
_aHeredero, Carlos F. _9147769 |
|
| 245 | 1 | 0 |
_aSam Peckinpah / _cCarlos Fernández Heredero. |
| 260 |
_a[Madrid] : _bEdiciones JC, _c[1982] |
||
| 300 |
_a172 p. : _bil. ; _c19 cm. |
||
| 490 | 1 |
_aDirectores de cine ; _v8 |
|
| 504 | _aBibliografĂa: p. 159-160. | ||
| 600 | 1 | 4 |
_aPeckinpah, Sam ( _d1925-1984) _9171046 |
| 830 | 1 |
_aDirectores de cine ; _v8 _9181872 |
|
| 852 |
_aES-MaACL _jL-6166 |
||
| 999 |
_c62694 _d62694 |
||